[Event "Ricany op"]
[Site "Ricany"]
[Date "2023.09.02"]
[Round "9"]
[White "Koper, Stefan"]
[Black "Dudkova, Josefina"]
[Result "1-0"]
[WhiteElo "1720"]
[BlackElo "1587"]
[PlyCount "77"]
[EventDate "2023.08.26"]
[EventType "swiss"]
[EventRounds "9"]
[EventCountry "CZE"]
[SourceTitle "EXT 2024"]
[Source "ChessBase"]
[SourceDate "2023.10.10"]
[SourceVersion "1"]
[SourceVersionDate "2023.10.10"]
[SourceQuality "1"]

1. d4 Nf6 2. c4 e6 3. Nf3 d5 4. cxd5 exd5 5. Bg5 c6 6. e3 h6 7. Bxf6 Qxf6 8. Nc3 Nd7 9. Be2 Bd6 10. a3 0-0 11. b4 b5 12. e4 dxe4 13. Nxe4 Qe7 14. Nxd6 Qxd6 15. 0-0 Nb6 16. Rc1 Nd5 17. Ne5 Bb7 18. Bf3 Rfd8 19. Qb3 a5 20. Rc5 Qf6 21. Bxd5 Rxd5 22. Rxd5 cxd5 23. Rc1 axb4 24. Qxb4 Qa6 25. Qe7 Qxa3 26. Qxf7+ Kh8 27. Rf1 Qa6 28. Qe7 Qb6 29. Qb4 Kg8 30. Nd7 Qc6 31. Nc5 Rb8 32. h3 Bc8 33. Re1 Kf7 34. Nd3 Qc7 35. Ne5+ Kg8 36. Re3 Qc1+ 37. Kh2 Qc2 38. Rf3 Bf5 39. Qd6 1-0

[Event "Plzen Calliditas op"]
[Site "Plzen"]
[Date "2023.08.26"]
[Round "9"]
[White "Chudek, Lubomir"]
[Black "Koper, Stefan"]
[Result "1-0"]
[WhiteElo "1748"]
[BlackElo "1720"]
[PlyCount "111"]
[EventDate "2023.08.19"]
[EventType "swiss"]
[EventRounds "9"]
[EventCountry "CZE"]
[SourceTitle "EXT 2024"]
[Source "ChessBase"]
[SourceDate "2023.10.10"]
[SourceVersion "1"]
[SourceVersionDate "2023.10.10"]
[SourceQuality "1"]

1. e4 g6 2. d4 Bg7 3. Nf3 d5 4. exd5 Qxd5 5. Be2 c6 6. 0-0 Nh6 7. c4 Qd8 8. Nc3 0-0 9. Be3 Nf5 10. Qd2 Nxe3 11. Qxe3 Bg4 12. Rad1 a5 13. d5 cxd5 14. Nxd5 Nd7 15. Nxe7+ Kh8 16. Nd5 Bxb2 17. Rb1 Bg7 18. Rfd1 Qc8 19. Qf4 Be6 20. Nc7 Rb8 21. Nxe6 fxe6 22. Qd6 Nc5 23. Re1 Ne4 24. Qb6 Nc3 25. Rbc1 Nxa2 26. Rcd1 Nc3 27. Rd6 Nxe2+ 28. Rxe2 Qxc4 29. Rdxe6 a4 30. R6e4 Qd5 31. Re7 a3 32. Rxg7 Kxg7 33. Qc7+ Kh6 34. Qc1+ g5 35. Re5 Qxe5 36. Nxe5 a2 37. h4 Rf5 38. hxg5+ Rxg5 39. Nf7+ Kg6 40. Qxg5+ Kxf7 41. Qd5+ Ke7 42. Qxa2 Kd7 43. Qd5+ Kc7 44. Qe5+ Kc8 45. Qh8+ Kc7 46. Qxh7+ Kb6 47. Qb1+ Ka6 48. Qa2+ Kb6 49. Qb3+ Kc6 50. Qc4+ Kd7 51. Qb5+ Kc7 52. g4 b6 53. g5 Ra8 54. g6 Ra5 55. Qc4+ Rc5 56. Qf7+ 1-0

[Event "CZE-ch Amateur"]
[Site "Hluk"]
[Date "2023.05.10"]
[Round "7"]
[White "Koper, Stefan"]
[Black "Hurtak, Otto"]
[Result "0-1"]
[WhiteElo "1774"]
[BlackElo "1953"]
[PlyCount "64"]
[EventDate "2023.05.06"]
[EventType "swiss"]
[EventRounds "9"]
[EventCountry "CZE"]
[SourceTitle "CBM 214 Extra"]
[Source "ChessBase"]
[SourceDate "2023.07.31"]
[SourceVersion "1"]
[SourceVersionDate "2023.07.31"]
[SourceQuality "1"]

1. d4 d5 2. c4 e6 3. cxd5 exd5 4. Nc3 c5 5. Nf3 Nf6 6. Bg5 Be6 7. e3 c4 8. Ne5 Be7 9. Bxf6 Bxf6 10. Qa4+ Nd7 11. f4 0-0 12. g3 Nxe5 13. dxe5 Qb6 14. Qc2 Qxe3+ 15. Qe2 Qxe2+ 16. Nxe2 Be7 17. Nd4 Bc5 18. Rd1 Bg4 19. Be2 Bxe2 20. Kxe2 Rfd8 21. Kf3 Bxd4 22. Rxd4 Rac8 23. Rhd1 Rc5 24. f5 Kf8 25. g4 b5 26. g5 b4 27. Rh4 c3 28. Rxb4 c2 29. Rc1 d4 30. Ke2 d3+ 31. Kd2 Rxe5 32. Kc3 d2 0-1

[Event "Prague Golden 65+ op 17th"]
[Site "Prague"]
[Date "2022.07.17"]
[Round "9"]
[White "Petras, Milan"]
[Black "Koper, Stefan"]
[Result "1/2-1/2"]
[WhiteElo "1868"]
[BlackElo "1829"]
[PlyCount "26"]
[EventDate "2022.07.09"]
[EventType "swiss"]
[EventRounds "9"]
[EventCountry "CZE"]
[SourceTitle "CBM 209 Extra"]
[Source "ChessBase"]
[SourceDate "2022.09.30"]
[SourceVersion "1"]
[SourceVersionDate "2022.09.30"]
[SourceQuality "1"]

1. b3 Nf6 2. f4 g6 3. Bb2 Bg7 4. Nf3 d5 5. g3 0-0 6. Bg2 c5 7. 0-0 Nc6 8. e3 d4 9. Qe2 Bf5 10. d3 Bg4 11. e4 e5 12. h3 Bxf3 13. Rxf3 Bh6 1/2-1/2

[Event "Prague Menchik Memorial Rapid"]
[Site "Prague"]
[Date "2021.09.28"]
[Round "6"]
[White "Koper, Stefan"]
[Black "Hrabusa, Matej"]
[Result "0-1"]
[WhiteElo "1878"]
[BlackElo "2363"]
[PlyCount "68"]
[EventDate "2021.09.28"]
[EventType "swiss (rapid)"]
[EventRounds "9"]
[EventCountry "CZE"]
[SourceTitle "CBM 204 Extra"]
[Source "ChessBase"]
[SourceDate "2021.11.30"]
[SourceVersion "1"]
[SourceVersionDate "2021.11.30"]
[SourceQuality "1"]

1. d4 Nf6 2. c4 e6 3. Nc3 Bb4 4. Bg5 c5 5. e3 Qa5 6. Qc2 Ne4 7. Qxe4 Bxc3+ 8. Ke2 Bxb2 9. Rb1 cxd4 10. Rxb2 Qxg5 11. Nf3 d3+ 12. Qxd3 Qf6 13. Rc2 0-0 14. h4 Nc6 15. a3 d5 16. g4 Qxf3+ 17. Kxf3 Ne5+ 18. Ke2 Nxd3 19. Kxd3 dxc4+ 20. Rxc4 e5 21. Be2 Be6 22. Rc7 Rac8 23. Rhc1 f6 24. g5 Rcd8+ 25. Ke4 Bd5+ 26. Kf5 fxg5+ 27. Kxg5 Rxf2 28. Bc4 Bxc4 29. R1xc4 Rdf8 30. Kg4 Rg2+ 31. Kh3 Re2 32. Re4 h5 33. Kg3 Ref2 34. Rxe5 R8f3# 0-1

[Event "Prague Autumn op 1st"]
[Site "Prague"]
[Date "2021.09.26"]
[Round "5"]
[White "Poysti, Nathanael Nicolai"]
[Black "Koper, Stefan"]
[Result "1/2-1/2"]
[WhiteElo "2216"]
[BlackElo "1863"]
[PlyCount "97"]
[EventDate "2021.09.24"]
[EventType "swiss"]
[EventRounds "5"]
[EventCountry "CZE"]
[SourceTitle "CBM 204 Extra"]
[Source "ChessBase"]
[SourceDate "2021.11.30"]
[SourceVersion "1"]
[SourceVersionDate "2021.11.30"]
[SourceQuality "1"]

1. c4 Nf6 2. Nc3 e6 3. e4 Be7 4. e5 Ng8 5. Qg4 g6 6. d4 d5 7. Nf3 Nc6 8. a3 Na5 9. c5 Nb3 10. Rb1 Nxc1 11. Rxc1 c6 12. Bd3 Nh6 13. Qf4 Nf5 14. g4 Nh4 15. Ke2 Nxf3 16. Qxf3 Bh4 17. Qe3 g5 18. b4 0-0 19. f3 Bd7 20. Rhf1 b5 21. Ra1 a5 22. Rfb1 a4 23. Rf1 f6 24. Kd1 fxe5 25. Qxe5 Qf6 26. Ra2 Qxe5 27. dxe5 Kg7 28. Rg2 Rf7 29. Kd2 Raf8 30. Ke3 Be8 31. Ne2 h6 32. Bc2 Rc7 33. Nd4 Re7 34. Rd2 Bd7 35. Ra1 Ref7 36. Ke2 Rh8 37. Rg1 Rhf8 38. Bd1 Rf4 39. Rd3 R4f7 40. Kf1 Rf4 41. Kg2 R4f7 42. Ne2 Be8 43. Rf1 Re7 44. Rd2 Ref7 45. Bc2 Re7 46. Rd4 Ref7 47. Bd3 Re7 48. Kh3 h5 49. Ng1 1/2-1/2

[Event "EUR-chT Seniors 65"]
[Site "Prague"]
[Date "2021.09.03"]
[Round "5.2"]
[White "Sharif, Mershad"]
[Black "Koper, Stefan"]
[Result "1-0"]
[WhiteElo "2335"]
[BlackElo "1827"]
[PlyCount "87"]
[EventDate "2021.08.30"]
[EventType "team-swiss"]
[EventRounds "9"]
[EventCountry "CZE"]
[SourceTitle "CBM 204 Extra"]
[Source "ChessBase"]
[SourceDate "2021.11.30"]
[SourceVersion "1"]
[SourceVersionDate "2021.11.30"]
[SourceQuality "1"]
[WhiteTeam "France 65"]
[BlackTeam "Oldest Boys 65"]
[WhiteTeamCountry "FRA"]
[BlackTeamCountry "CZE"]

1. Nf3 Nf6 2. g3 d5 3. Bg2 g6 4. b3 Bg7 5. Bb2 0-0 6. c4 c6 7. 0-0 Bf5 8. d3 h5 9. Nbd2 Bg4 10. h3 Bxf3 11. Nxf3 e6 12. Qc2 Na6 13. a3 Nc7 14. e4 Rc8 15. Rad1 Nd7 16. Rfe1 a6 17. b4 b5 18. c5 Ne8 19. Rd2 Bxb2 20. Qxb2 Qf6 21. d4 dxe4 22. Ne5 Nb8 23. Bxe4 Qg7 24. a4 Nf6 25. Bf3 Rfd8 26. axb5 axb5 27. Ra1 Nd5 28. Ra7 Rf8 29. Bxd5 exd5 30. Rd3 Qh6 31. Qd2 Qxd2 32. Rxd2 Rce8 33. Rda2 Re6 34. Rb7 Kg7 35. Raa7 Rf6 36. h4 Rf5 37. Kf1 Rf6 38. Ke2 Kg8 39. f3 Re6 40. Kf2 Rf6 41. Ra8 Nd7 42. Nxd7 Rxf3+ 43. Kxf3 Rxa8 44. Rb8+ 1-0

[Event "Ricany op"]
[Site "Ricany"]
[Date "2020.08.28"]
[Round "8"]
[White "Koper, Stefan"]
[Black "Rehak, Martin"]
[Result "1/2-1/2"]
[WhiteElo "1871"]
[BlackElo "2023"]
[PlyCount "55"]
[EventDate "2020.08.22"]
[EventType "swiss"]
[EventRounds "9"]
[EventCountry "CZE"]
[SourceTitle "CBM 198 Extra"]
[Source "ChessBase"]
[SourceDate "2020.11.30"]
[SourceVersion "1"]
[SourceVersionDate "2020.11.30"]
[SourceQuality "1"]

1. d4 Nf6 2. c4 g6 3. Nc3 Bg7 4. e4 d6 5. Nge2 0-0 6. h3 c5 7. d5 b5 8. cxb5 a6 9. bxa6 Bxa6 10. Ng3 Bxf1 11. Nxf1 Qa5 12. Bd2 Nbd7 13. Ne3 Rfb8 14. Nc4 Qa6 15. Qe2 Nb6 16. Nxb6 Rxb6 17. Qxa6 Raxa6 18. Rb1 Nd7 19. 0-0 Bxc3 20. Bxc3 Rxa2 21. f4 Nf6 22. Rfe1 Ra4 23. Ra1 Raa6 24. Rxa6 Rxa6 25. e5 dxe5 26. Rxe5 Rd6 27. Rxe7 Nxd5 28. Kf1 1/2-1/2

[Event "Ricany op"]
[Site "Ricany"]
[Date "2020.08.26"]
[Round "6"]
[White "Hejsek, Lukas"]
[Black "Koper, Stefan"]
[Result "0-1"]
[WhiteElo "1991"]
[BlackElo "1871"]
[PlyCount "73"]
[EventDate "2020.08.22"]
[EventType "swiss"]
[EventRounds "9"]
[EventCountry "CZE"]
[SourceTitle "CBM 198 Extra"]
[Source "ChessBase"]
[SourceDate "2020.11.30"]
[SourceVersion "1"]
[SourceVersionDate "2020.11.30"]
[SourceQuality "1"]

1. d4 g6 2. Nf3 Bg7 3. g3 d5 4. Bg2 Nf6 5. 0-0 0-0 6. c4 c6 7. Qb3 e6 8. Nc3 Nbd7 9. Bf4 dxc4 10. Qxc4 Nb6 11. Qb3 Nbd5 12. Be5 Nxc3 13. bxc3 Nd7 14. Bxg7 Kxg7 15. Rfd1 Qb6 16. Nd2 Qa6 17. Qc4 Qa3 18. Qd3 h5 19. Nc4 Qe7 20. a4 h4 21. a5 Rh8 22. Qe3 a6 23. Qf4 hxg3 24. fxg3 Nf6 25. e4 Bd7 26. Rf1 Raf8 27. g4 c5 28. Qe5 Bb5 29. g5 Kg8 30. gxf6 Qd7 31. Nb6 Qd8 32. c4 Rh5 33. Qf4 Qxd4+ 34. Qf2 Qe5 35. h3 Bc6 36. Rad1 Qc3 37. Qxc5 0-1